| 000 | 00418nam a2200145Ia 4500 | ||
|---|---|---|---|
| 008 | 220204s9999 xx 000 0 und d | ||
| 082 |
_a631:001.891 _bHOR |
||
| 245 | 0 | _aMonitoring and evaluating agricultural research: A source book | |
| 260 |
_aUK _bCAB _c1993 |
||
| 650 | _aHuman resources planning | ||
| 650 | _aManagement information system | ||
| 650 | _aTraining evaluation | ||
| 700 | _aHorton, D | ||
| 942 | _cBK | ||
| 999 |
_c40529 _d40529 |
||